Le bestiaire de Final Fantasy XII - Statistiques

Statistiques générales
  • Ce quiz a été pris 103 fois
    102 depuis la dernière actualisation
  • Le résultat moyen est 58 sur 448
Statistiques - réponses
Numéro Nom % Correct
001-B Pampa
69%
003-A Loup
63%
040 Bombo
60%
262 Bélias
49%
038 Flan
49%
380-A Juge
49%
272 Ultima
49%
266 Zaléra
46%
264 Chaos
43%
008-A Lycaon
43%
273 Mateus
43%
030 Mimic
43%
076 Morbol
43%
001-A Pampino
43%
XXX Vayne
43%
271 Famfrit
40%
270 Hashmal
40%
054-A Vouivre
40%
261 Yiazmat
40%
268 Zéromus
40%
065-B Chocobo Noir
37%
065-A Chocobo Rouge
37%
065-F Chocobo Rouge Niv 99
37%
134 Coeurl
37%
263 Exodus
37%
252-A Gilgamesh
37%
252-B Gilgamesh Combat 2
37%
379 Juge Ghis
37%
216 Pampa Fleuri
37%
033 Squelette
37%
212 Tomate Egarée
37%
274 Zodiarche
37%
269 Adrammelech
34%
152 Béhémoth
34%
265 Cúchulainn
34%
027-A Elémentaire D'Eau
34%
017 Elémentaire De Foudre
34%
015 Loup Garou
34%
277 Reine Mimic
34%
214 Texta
34%
279-A Ba'Gamnan
31%
279-E Ba'Gamnan Combat 2
31%
251 Charlotte
31%
005 Coquatrice
31%
290 Dragon Infernal
31%
120-A Elémentaire De Feu
31%
241 Fafnir
31%
XXX Immortalis
31%
383-A Juge Gabranth
31%
383-B Juge Gabranth Combat 2
31%
020-A Rat Géant
31%
289 Roi Bombo
31%
065-C Chocobo Blanc
29%
022 Crapaud-Buffle
29%
096-A Elémentaire De Glace
29%
091-A Garuda
29%
016 Hibours
29%
003-B Loup Alpha
29%
292 Omega Mark XII
29%
245 Poulatrice
29%
267 Shemhazai
29%
049 Vampire
29%
293 Vossler
29%
275 Crin de Feu
26%
159 Elémentaire De Lumière
26%
258 Fenrir
26%
255 Ixion
26%
053-A Yensa
26%
067 Zu
26%
198 Adamankhélone
23%
050 Alraune
23%
218 Apparition
23%
384-A Docteur Cid
23%
384-B Docteur Cid Combat 2
23%
210 Elementaire de ténèbres
23%
253 Enkidu
23%
254 Roi Béhémoth
23%
283 Tiamat
23%
374-A Urutan Yensa A
23%
374-B Urutan Yensa B
23%
374-C Urutan Yensa C
23%
068 Vipère
23%
031-B Zombie Femelle
23%
031-A Zombie Mâle
23%
291 Ahriman
20%
373-A Brigand Seeq
20%
014 Cobra
20%
233 Diabolos
20%
133-A Elémentaire D'Air
20%
137-A Elémentaire De Terre
20%
373-C Explorateur Seeq
20%
286 Furie
20%
080 Gelée
20%
381 Juge Bergan
20%
008-B Lycaon Alpha
20%
260 Maître Des Ténèbres
20%
032-A Minimic
20%
231 Mortalis
20%
222 Mousse Blanche
20%
072 Panthère
20%
244 Poussitrice
20%
373-D Seeq A
20%
373-E Seeq B
20%
373-F Seeq C
20%
373-B Voleur Seeq
20%
007 Aigle Plongeur
17%
138 Arabesque
17%
376-A Baknamus A
17%
376-B Baknamus B
17%
376-C Baknamus C
17%
034 Blatterie
17%
157 Capitaine Tomate
17%
065-D Chocobo Brun
17%
249 Chocobo Vengeur
17%
065-E Chocobo Vert
17%
009 Croco Laineux
17%
004 Dracosaure
17%
164 Dragon Squelette
17%
182 Dragon Zombie
17%
190 Grenade
17%
039 Guerrier Squelette
17%
010-A Lapin Du Bonheur
17%
061 Liche
17%
087 Loup Blanc
17%
074 Lycaon Infernal
17%
237 Morbol Ancestral
17%
078 Morbol Ancien
17%
259 Phénix
17%
377-B Pirate Vangaa
17%
122 Potiron
17%
377-C Puguliste Vangaa
17%
026 Revenant
17%
151 Roi Alraune
17%
012 Sleipnir
17%
280 Tyran
17%
372 Urutan Exilé
17%
377-A Voleur Vangaa
17%
226 Vouivre Suzeraine
17%
324 Xylomid
17%
213 Atomos
14%
174 Cathy
14%
063 Chandelle
14%
158 Chevalier Miroir
14%
094 Chevalier Squelette
14%
139 Diablotin
14%
201 Dragon Blindé
14%
055 Esprit De Salamandre
14%
188 Esprit D'Ondine
14%
288 Fléau
14%
024 Galkimasera
14%
248 Gilkhélone
14%
170 Golem De Mithril
14%
127 Mandragore
14%
195 Marissa
14%
023 Morbol Dynaste
14%
220 Nidhogg
14%
097 Oignon Fou
14%
247 Orthros
14%
243 Pirlasta
14%
155 Potiron Star
14%
091-B Pseudo Garuda
14%
043 Sans-Tête
14%
018 Servus
14%
028 Stryge
14%
147 Tomate Hargneuse
14%
XXX Vayne Novus
14%
179-A Apanda
11%
167 Baron
11%
232 Croaberos
11%
285 Dragon Ancestral
11%
224 Dragon Jugulé
11%
006 Esprit De Gnoma
11%
019 Esprit De Marutah
11%
378-A Fantassin Impérial
11%
240 Flagelleur Mental
11%
250 Fourmilion
11%
011 Géokhélone
11%
227 Goliath
11%
104 Goule
11%
184 Kojah
11%
010-B Lapin D'Ozmone
11%
126 Loup Gris
11%
378-D Mage Impérial
11%
089 Moloch
11%
086 Ombre
11%
113-B Ouargue
11%
256 Pandémonium
11%
246 Pétrakhélone
11%
131 Piranha
11%
020-B Rat De Laboratoire
11%
153 Reine Oignon
11%
215 Roby
11%
257 Slyt
11%
035 Spectre
11%
219 Tantakhelone
11%
160 Tartaros
11%
073 Tréant
11%
175-A Abaddon
9%
175-B Abaddon Alpha
9%
075 Allosaure
9%
041 Ame En Peine
9%
207 Anathème
9%
179-B Apanda Leader
9%
293 Aspidokhélone
9%
096-B Aze De Glace
9%
107 Ballon
9%
052 Bec Pic
9%
177 Bune
9%
239 Catoblépas
9%
085 Cauche Mar
9%
199 Charybdis
9%
029 Crapaud-Cerf
9%
112-A Cristallo Mimic A
9%
112-B Cristallo Mimic B
9%
112-C Cristallo Mimic C
9%
021 Croco Baryton
9%
051-A Dambanha
9%
186 Deidara
9%
203 Destrier Fantôme
9%
103 Dragon Eibis
9%
045 Dulahan
9%
202-A Emeraukhélone
9%
202-B Emeraukhélone B
9%
098 Esprit De Celsius
9%
172 Esprit De Dek-Alb
9%
205 Esprit De Lyos-Alb
9%
077 Gargouille
9%
284 Géodragon
9%
279-C Gijuk
9%
163 Gilvéganos
9%
229 Grand Faucheur
9%
141 Gremlin
9%
375 Guerrier Garif
9%
082 Hectoculus
9%
282 Hyudro
9%
146 Kerberos
9%
315 Lambanha
9%
238 Lapaon
9%
335 Liche Exaltée
9%
305 Loup Empereur
9%
044 Mante Tueuse
9%
037 Mimic Argenté
9%
322 Mimic Platiné
9%
032-B Minimic Noir
9%
281-A Mur Démonique A
9%
281-B Mur Démonique B
9%
136 Nehebkau
9%
109 Oléomontis
9%
113-A Ouargue Alpha
9%
317 Pirasoir
9%
178 Pot Magique
9%
106 Pylufas
9%
279-D Rinok
9%
099 Rouge Gueule
9%
057 Sans Ame
9%
352 Seigneur Zombie
9%
093 Servus Pourpre
9%
192 Slime
9%
211 Sorcier Zombie
9%
123 Sprinteur
9%
209 Sulfuras
9%
056 Véneuse Blanche
9%
368 Vengeur
9%
165 Viviane
9%
054-B Vouivre Alpha
9%
142 Wendigo
9%
066 Wouh
9%
053-B Yensa Leader
9%
095 Yéti
9%
069 Zaghnal
9%
042 Accusateur
6%
242 Ailes De Sang
6%
310 Ananas
6%
168 Ankou
6%
125 Antarès
6%
308 Atomico
6%
208 Babel
6%
204 Banshee
6%
150 Basilic
6%
217 Belluet
6%
279-B Bwagi
6%
047 Capitaine Maudit
6%
027-B Chaoset D'Eau
6%
137-B Chaoset De Terre
6%
382-A Chasseur Rémora
6%
143 Chevalier Zombie
6%
200 Coeurl D'Emeraude
6%
236 Coeurl Sombre
6%
180 Conquérant squelette
6%
189 Crapaud Baveur
6%
299 Croco Taureau
6%
206 Cruor
6%
378-C Cuirassier Impérial
6%
051-B Dambanha Alpha
6%
320 Diminimic
6%
090 Eibis Empereur
6%
148 Eskuriax
6%
071 Esprit De Sylphe
6%
343 Etemenanki
6%
145 Focalor
6%
380-B Fusilier Impérial
6%
108 Garde De Miliam
6%
025 Gespenst
6%
111 Ghast
6%
101 Gigas
6%
100 Guerrier Zombie
6%
367 Inferno-mar
6%
234 Ixtab
6%
347 Jormungand
6%
339 Juggernaut
6%
060 Lancier Antique
6%
121 Lièvre Du Bonheur
6%
303 Loup Vengeur
6%
059 Mage Zombie
6%
225 Mahlik
6%
316 Mandragon
6%
154 Mante Démoniaque
6%
191 Mante Faucheuse
6%
228 Marilith
6%
064 Mesménir
6%
144 Méta-Khimaira
6%
046 Mimic Noir
6%
378-E Molosse
6%
124 Morbol Roi
6%
378-B Mousquetaire Impérial
6%
311 Mysto Lapin
6%
187 Mysto-Mar
6%
369 Néo Marissa
6%
294 Nosfératon
6%
306 Oléofuror
6%
161 Ose
6%
048 Pandora
6%
149 Prince Mandragore
6%
058 Proto Khimaira
6%
235 Psychodémon
6%
276 Rafflesia
6%
166 Sans Repos
6%
XXX Séphira
6%
002 Serrasalmus
6%
092 Squelette Ténébreux
6%
156 Sylvanien
6%
110 Tête Gardienne
6%
088 Twintania
6%
351 Victonir
6%
345 Vipère Chauve
6%
300 Vishnu
6%
013 Zircokhélone
6%
328 Aéros
3%
341 Amsty
3%
193 Archéo-Eibis
3%
129 Archéosaure
3%
132 Badouh
3%
194 Bogus
3%
197 Buër
3%
176 Cérébro-khimaira
3%
133-B Chaoset D'Air
3%
120-B Chaoset De Feu
3%
117 Condor
3%
325 Crapaud Furtif
3%
135 Croco Cuirassé
3%
070 Croco Hybride
3%
334 Dastia
3%
358 Dizma
3%
330 Dracosaure Primus
3%
116 Dragon Cendré
3%
382-D Drone Casque
3%
382-B Drone Drille
3%
382-E Drone Satellite
3%
382-C Drone Sphére
3%
183 Eibis Azuré
3%
363 Eibis Lazulite
3%
230 Enkélados
3%
084 Ethème
3%
346 Fidyle
3%
304 Fondu
3%
140 Frappeur
3%
301 Gavial
3%
302 Gélatine
3%
083 Gisamark
3%
309 Grand Chevalier
3%
169 Grenade Mère
3%
196 Hectophrène
3%
114 Humbaba
3%
223 Lindorm
3%
354 Macchabée
3%
081 Mange Rocs
3%
036 Mini Blatterie
3%
181 Nebula
3%
173 Nécrofaux
3%
171 Nécrophobia
3%
331 Nekhbet
3%
307 Ouargue D'Elite
3%
314 Proto Grenade
3%
185 Pyrobolse
3%
115 Python
3%
062 Ragoh
3%
079 Rhéomimic
3%
102-A Rôdeur De L'Ombre
3%
102-B Rôdeur Guerrier
3%
102-C Rôdeur Mage
3%
162 Shadonir
3%
295 Smaragdikhélone
3%
105 Sombre Mar
3%
313 Spikuriax
3%
327 Tarasque
3%
287 Vinuskar
3%
221 Vyraal
3%
370 Altek
0%
357 Ame Des Ténèbres
0%
319 Apsara
0%
364 Archéo Dulahan
0%
344 Arioch
0%
312 Ballon Géant
0%
356 Bansidh
0%
348 Chevalier De Cristal
0%
361 Chocobo Sombre
0%
128 Crapaud Rocheux
0%
353 Cristallocéros
0%
278 Daedalus
0%
360 Destructeur
0%
119 Dicholitus
0%
380-D Dresseur Impérial
0%
326 D'Tok
0%
321 Faucheuse Enragée
0%
297 Glouton
0%
118 Golem D'Argile
0%
329 Grimalkin
0%
359 Imdugud
0%
336 Istine
0%
342 Lamiavore
0%
333 Lémure
0%
355 Lumière Suprême
0%
350 Maître Des Cryptes
0%
323 Mante Guetteuse
0%
318 Mimic Tueur
0%
365 Mysto Dragon
0%
349 Nazarnir
0%
340 Négalumur
0%
332 Néodeinos
0%
366 Noirsang
0%
337 Ombre Fatale
0%
371 Phylloxeros
0%
380-C Pilote Impérial
0%
130 Pyrolisk
0%
296 Ranubis
0%
298 Valmuh
0%
338 Vorès
0%
362 Wendis
0%
Aucun quiz correspondant
Distribution des résultats
% des personnes avec chaque résultat
Percentile par nombre de réponses
Votre historique - résultats
Vous n’avez pas pris ce quiz depuis la dernière actualisation